=LDR 00000nam 2200000 4500 =001 INLIS000000000009616 =005 20130612101413 =008 ***********************************Ind** =035 ##$$0010-061300000009616 =041 ##$$a Ind =082 ##$$a 92 =090 ##$$a 92, Pra p =100 ##$$a Prabowo, Hary =245 ##$$a PerspektifMarxisme, Hary Prabowo =260 ##$$a 2002 $b Yogyakarta =300 ##$$a 295 hlm, 21 cm =650 ##$$a Malaka =850 ##$$a NBPNMAT